Código Orgánico de Tribunales, edición oficial, aprobada por decreto N§ 776 de 10 de febrero de 2009 del Ministerio de Justicia

I tiakina i:
Ngā taipitopito rārangi puna kōrero
Hōputu: Pukapuka
Reo:Pāniora
I whakaputaina: Santiago Jurídica de Chile 2009
Rangatū:Códigos Especiales para Estudiantes
Ngā marau:
Ngā Tūtohu: Tāpirihia he Tūtohu
Kāore He Tūtohu, Me noho koe te mea tuatahi ki te tūtohu i tēnei pūkete!

MARC

LEADER 00000nam a2200000 a 4500
001 UCH5170
003 CL-VaPUC
008 091008e20090000CL |||||||||||||||||spa|d
020 |a 9789561018983 
082 0 4 |a 347.8301  |b COD  |2 21 
245 1 0 |a Código Orgánico de Tribunales, edición oficial, aprobada por decreto N§ 776 de 10 de febrero de 2009 del Ministerio de Justicia 
300 |a 166 p 
942 |c BK 
945 |d 20091008 00:00:00  |a rbrito 
260 |a Santiago  |b Jurídica de Chile  |c 2009 
500 |a Edición actualizada al 5 de febrero de 2009 
650 0 |a Derecho procesal penal  |9 255496 
650 0 |a Código orgánico de tribunales  |9 256731 
650 0 |a Tribunales  |9 254872 
650 0 |a Juicio oral  |9 455093 
650 7 |a JUZGADOS DE GARANTIAS  |2 CL-VaPUC  |9 541376 
650 7 |a CODIGO DE PROCEDIMIENTO  |2 CL-VaPUC  |9 352916 
583 |a last modification  |c 20111014 11:15:34  |k Rodrigo Vera 
490 0 |a Códigos Especiales para Estudiantes 
999 |c 336353  |d 336351